| 000 | 00604nam a22001933a 4500 | ||
|---|---|---|---|
| 005 | 20210223124558.0 | ||
| 008 | 010531s1995 mx fr 000 0 spa d | ||
| 020 | _a9681645731 | ||
| 035 | _aUPN01000116444 | ||
| 049 | _aI | ||
| 050 | 4 |
_aPZ84.9 _bC6.58 |
|
| 100 | 1 | _aCoelho, Raquel | |
| 245 | 1 | 0 |
_aMonstrico / _cRaquel Coelho ; il. de Bruno González ; tr. de Stella Mastrangelo. |
| 260 |
_aMéxico : _bFCE, _c1995. |
||
| 300 |
_a41 p. : _bil. |
||
| 440 | 0 |
_aA la orilla del viento. _pPara los que están aprendiendo a leer ; _v66 |
|
| 650 | 4 |
_aCUENTOS INFANTILES BRASILEÑOS _912222 |
|
| 905 | _aInfantil | ||
| 999 |
_c89181 _d89181 |
||